MARC details
| 000 -CABECERA |
| campo de control de longitud fija |
01829nas a2200265 i 4500 |
| 003 - IDENTIFICADOR DEL NÚMERO DE CONTROL |
| campo de control |
DO-SdBNP |
| 005 - FECHA Y HORA DE LA ÚLTIMA TRANSACCIÓN |
| campo de control |
20260529123520.0 |
| 007 - CAMPO FIJO DE DESCRIPCIÓN FÍSICA--INFORMACIÓN GENERAL |
| campo de control de longitud fija |
ta |
| 008 - DATOS DE LONGITUD FIJA--INFORMACIÓN GENERAL |
| campo de control de longitud fija |
260527e2024 dr mo|p|r||||||0| | spa d |
| 040 ## - FUENTE DE LA CATALOGACIÓN |
| Centro catalogador/agencia de origen |
DO-SdBNP |
| Lengua de catalogación |
spa |
| Centro/agencia transcriptor |
BNPHU |
| Normas de descripción |
rda |
| 041 ## - CÓDIGO DE LENGUA |
| Código de lengua del texto/banda sonora o título independiente |
spa |
| 110 ## - ENTRADA PRINCIPAL--NOMBRE DE ENTIDAD CORPORATIVA |
| Nombre de entidad corporativa o nombre de jurisdicción como elemento de entrada |
Fundación Don Bosco |
| 9 (RLIN) |
89783 |
| 245 ## - MENCIÓN DE TÍTULO |
| Título |
Juventud 2000 : |
| Resto del título |
edición especial 50 aniversario P. Vicente / |
| Mención de responsabilidad, etc. |
Fundación Don Bosco. |
| 250 ## - MENCIÓN DE EDICIÓN |
| Mención de edición |
Edición especial 50 aniversario P. Vicente. |
| 264 ## - PRODUCCIÓN, PUBLICACIÓN, DISTRIBUCIÓN, FABRICACIÓN Y COPYRIGHT |
| Producción, publicación, distribución, fabricación y copyright |
Santo Domingo , República Dominicana : |
| Nombre del de productor, editor, distribuidor, fabricante |
Fundación Don Bosco. |
| -- |
Editora Búho, |
| Fecha de producción, publicación, distribución, fabricación o copyright |
2024. |
| 300 ## - DESCRIPCIÓN FÍSICA |
| Extensión |
volumen : |
| Otras características físicas |
ilustración, fotografías ; |
| Dimensiones |
28 cm. |
| 336 ## - TIPO DE CONTENIDO |
| Término de tipo de contenido |
texto |
| Código de tipo de contenido |
txt |
| Fuente |
rdacontent |
| 337 ## - TIPO DE MEDIO |
| Nombre/término del tipo de medio |
sin mediación |
| Código del tipo de medio |
n |
| Fuente |
rdamedia |
| 338 ## - TIPO DE SOPORTE |
| Nombre/término del tipo de soporte |
volumen |
| Código del tipo de soporte |
nc |
| Fuente |
rdacarrier |
| 362 ## - FECHAS DE PUBLICACIÓN Y/O DESIGNACIÓN SECUENCIAL |
| Fecha de publicación y/o designación secuencial |
Edición especial agosto 2024 |
| 520 ## - SUMARIO, ETC. |
| Sumario, etc. |
Esta edición especial de la revista Juventud 2000 está diseñada evocando su diseño original. Por eso la sencillez de su presentación y también el azul que sera el color de tinta más utilizando.<br/>Se editaba y se diseñaba en "stencils", en una máquina de escribir y se imprimí en un mimeógrafo, Berto Rosa estuvo responsabilizado de esta tarea por mucho tiempo. en una ronda en torno a una mesa donde se colocaba cada hoja, íbamos compaginando la revista al final le colocaba tres grapas. Era mágico.<br/>Jose Frank rosario se ha encargado de editar y corregir los artículos, Benjamín García ha hecho el trabajo de diagramar y diseñar, como antes lo hicieron, aunque en etapas diferentes. El universo conspira.<br/>Las fotografías de esta edición las han suministrado Luis Manuel brito, Bert Rosa, Domingo Gómez, Benjamín <br/>García y Reynaldo Castillo. |
| 650 ## - PUNTO DE ACCESO ADICIONAL DE MATERIA--TÉRMINO DE MATERIA |
| Término de materia o nombre geográfico como elemento de entrada |
Homenaje |
| Subdivisión de forma |
Publicaciones periódicas |
| 9 (RLIN) |
89775 |
| 650 #0 - PUNTO DE ACCESO ADICIONAL DE MATERIA--TÉRMINO DE MATERIA |
| Término de materia o nombre geográfico como elemento de entrada |
Juventud |
| Subdivisión de forma |
Publicaciones periódicas |
| Subdivisión general |
República Dominicana |
| 9 (RLIN) |
87109 |
| 942 ## - ELEMENTOS DE PUNTO DE ACCESO ADICIONAL (KOHA) |
| Fuente del sistema de clasificación o colocación |
Dewey Decimal Classification |
| Tipo de ítem Koha |
Publicación periódica |